• 首页
  • 本馆介绍
  • 公告通知
  • 最新文献
  • 馆藏检索
  • 电子资源
  • 读者导购
  • 参考咨询
  • 我的图书馆
  • 登录
  • 详细信息显示
  • 放入我的书架
  • 预约/预借图书
  • 作者相关作品
  • 分类相关作品
  • 丛书相关作品
  • 出版社相关作品

书目信息

  • 表格格式
  • 工作单格式
  • 卡片格式
题名:
符号与政治
    
 
作者: 毕芙蓉 著
分册:  
出版信息: 北京   中国社会科学出版社  2016
页数: 213页
开本: 24cm
丛书名:
单 册:
中图分类: B089.1
科图分类:
主题词: 西方马克思主义--xi fang ma ke si zhu yi--研究
电子资源:
ISBN: 978-7-5161-8286-4
000 00910nam0 22002531 450
001 0127154614
005 20170327154614.0
010    @a978-7-5161-8286-4@dCNY46.00
100    @a20160930d2016 em y0chiy50 ea
101 0  @achi
102    @aCN@b110000
105    @ay z 000yy
106    @ar
200 1  @a符号与政治@Afu hao yu zheng zhi@e后马克思思潮研究@f毕芙蓉著
210    @a北京@c中国社会科学出版社@d2016
215    @a213页@d24cm
300    @a中国社会科学院创新工程学术出版资助项目
330    @a本书以“符号与政治”为线索,分析了阿尔都塞、福柯、德里达、布迪厄、鲍德里亚、拉克劳和墨菲、齐泽克等人的思想,以求对后马克思思潮有一个较为明晰的把握。
517 1  @a后马克思思潮研究@Ahou ma ke si si chao yan jiu
606 0  @a西方马克思主义@Axi fang ma ke si zhu yi@x研究
690    @aB089.1@v5
701  0 @a毕芙蓉@Abi fu rong@4著
801  0 @aCN@bTANGWEI@c20170308
905    @b0963304-6@dB089.1@e65@f3
    
    符号与政治:后马克思思潮研究/毕芙蓉著.-北京:中国社会科学出版社,2016
    213页;24cm
    中国社会科学院创新工程学术出版资助项目
    
    ISBN 978-7-5161-8286-4:CNY46.00
    本书以“符号与政治”为线索,分析了阿尔都塞、福柯、德里达、布迪厄、鲍德里亚、拉克劳和墨菲、齐泽克等人的思想,以求对后马克思思潮有一个较为明晰的把握。
●
相关链接 在E读中查询图书 在五车中查询图书 在当当中查询图书 在豆瓣中查询图书


正题名:符号与政治     索取号:B089.1/65         预约/预借

序号 登录号 条形码 馆藏地/架位号 状态 备注
1 0963304   209633048   第一样本阅览室/ [索取号:B089.1/65] 在馆    
2 0963305   209633057   第一借阅区/ [索取号:B089.1/65] 在馆    
3 0963306   209633066   第一借阅区/ [索取号:B089.1/65] 在馆    
唐山师范学院图书馆 欢迎您!
大连网信软件有限公司© 版权所有